MARC

LEADER 00000nam0a2200000 4500
001 90731
005 20231101213729.0
035 |a (RuTPU)RU\TPU\book\97290 
090 |a 90731 
100 |a 20060214d1948 km y0rusy50 ca 
101 0 |a rus 
102 |a RU 
105 |a a z 001zy 
200 1 |a Техника физико-химического исследования  |f К. В. Чмутов 
205 |a 2-е изд., перераб. 
210 |a Москва  |a Ленинград  |c Госхимиздат  |d 1948 
215 |a 320 с.  |c ил. 
320 |a Предметный указатель: с. 312-320. 
606 1 |a Физическая химия  |x Исследования  |2 stltpush  |3 (RuTPU)RU\TPU\subj\74221  |9 86672 
610 1 |a химия 
610 1 |a лабораторная техника 
610 1 |a лабораторные приборы 
610 1 |a электрические нагревательные печи 
610 1 |a термостаты 
610 1 |a температура 
610 1 |a измерение 
610 1 |a вакуум 
610 1 |a высокий вакуум 
610 1 |a газы 
610 1 |a электронные приборы 
610 1 |a лабораторная электротехника 
610 1 |a фотографирование 
610 1 |a стекло 
610 1 |a металл 
610 1 |a экспериментальные исследования 
675 |a 544.08  |v 3 
700 1 |a Чмутов  |b К. В. 
801 1 |a RU  |b 63413507  |c 20060214  |g PSBO 
801 2 |a RU  |b 63413507  |c 20180910  |g PSBO 
942 |c BK